Регионална библиотека "Любен Каравелов" - Русе

В сянката на полумесеца и кръста (Запис номер 53961)

MARC детайли
000 -Лидер
Контролно поле с фиксирана дължина nam a22 a 4500
003 - Код на организацията, давaща контролен номер
Контролно поле BLK
005 - Дата и час на последна редакция
Контролно поле 20230306164858.0
008 - Елементи от данни с фиксирана дължина
fixed length control field 180408b bul|||||r ||||||| ||bul||
010 ## - Наследен системен номер
LC control number KNG00057903000
040 ## - Източник на каталожния запис
Идентификатор на билиотеката - собственик на записа BLK
041 ## - Код за език
Код за езика на текст/звукозапис или на отделно заглавие Български
Код за езика КДБФ Български
072 #7 - Код за тематичната категория
Код организация bullib
Код за тематична категория Я
Текст Автографи
072 #7 - Код за тематичната категория
Код организация bullib
Код за тематична категория К
Текст Краезнание
080 ## - УДК
Текстов определител УДК Българска литература
УДК код - определител по УДК 821.163.2
УДК определител -31
УДК - код + определител 821.163.2-31
100 1# - Редна дума - Автор
Автор Хърст, Даниел
Авторска отговорност първи автор
R(LIN) 268792
139 ## - Редно поле
Редна дума Хърст, Даниел
Авторски знак Хъ - Х 96
245 10 - Сведения за заглавието
Заглавие В сянката на полумесеца и кръста
Подзаглавни данни Роман
Редно поле (дума) Даниел Хърст; * Данаил Христов Стойчев.
257 ## - Страна на издаване
Страна на създаване/издаване България
260 ## - Област на издателските данни
Място на издаване, разпространение и проч. Русе
Име на издателя, разпространителя и проч. Изд. авт.
Година на издаване 1992
300 ## - Физическа характеристика
Страници 172 с.
Размери/Мащаб 20 см
380 ## - Жанр
Жанр Худож. лит.
500 ## - Общи забележки
Забележка Даниел Хърст - псевд. на Данаил Христов Стойчев
659 ## - Тематичен бюлетин
Тематичен бюлетин К
659 ## - Тематичен бюлетин
Тематичен бюлетин Я
700 1# - Други автори (авторска отговорност)
Лично име Стойчев, Данаил Христов
Автороска отговорност (Описва отношението между автора и произведението) *
9 (RLIN) 368946
852 ## - Местоположение
Форматна сигнатура Цб 170064
852 ## - Местоположение
Форматна сигнатура К 821.163.2/Х 96 Д
856 4# - Електронен адрес и достъп
Електронен формат pdf - файл
Инструкция (цена за достъп) 0.00
Права за достъп disable
856 4# - Електронен адрес и достъп
Електронен формат pdf - файл
Инструкция (цена за достъп) 0.00
Права за достъп disable
999 ## - СИСТЕМНИ КОНТРОЛНИ НОМЕРА
Koha biblionumber 53961
Koha biblioitemnumber 53961
942 ## - АРТИКУЛИ
Вид на библиотечния материал Книги
Скрит в OPAC Не
Периодичен библиозапис Да
944 ## - СЪЗДАВАНЕ И РЕДАКЦИЯ на ЗАПИСА
Създаване/Редакция Създаване
Дата на регистрацията/редакция 27.01.2006
Служител, извършил регистрацията/редакцията Наталия_Медовщикова
944 ## - СЪЗДАВАНЕ И РЕДАКЦИЯ на ЗАПИСА
Създаване/Редакция Редакция
Дата на регистрацията/редакция 20.09.2017
Служител, извършил регистрацията/редакцията Севдалина_Василева
999 ## - СИСТЕМНИ КОНТРОЛНИ НОМЕРА
Koha biblioitemnumber 53961
999 ## - СИСТЕМНИ КОНТРОЛНИ НОМЕРА
Koha biblioitemnumber 53961
Наличности
Код за отписване Код за изгубен артикул Код за повреда Коз за рестрикции Код за отдаване Артикулен № Име на библиотеката - собственик Име на библиотеката, в която се намира в момента Статус (Текущо местоположение) Дата на вписване в системата Местоположение - отдел Цена в лева Инвентарен номер Систематично азбучна сигнатура Баркод Номер на екземпляра Цена в евро Служебна бележка Служебен тип на артикула Източник на класификационната схема Номерация (Хронология) Бележка за публиката
  Не е изгубен Не е повреден без рестрикции заемане за дома 84953 Регионална библиотека "Любен Каравелов" Русе Регионална библиотека "Любен Каравелов" Русе Заемна - подръчен фонд 2006-01-27 Заемна - подръчен фонд 3.50 120000699682 П 886.7-31/Х 96 120000699682 1 1.79 Дост: DA Вид: А N: 4 Дата: 27.01.2006 Дата инв: 09.02.2018 Бележки инв: П2018 Книги      
  Не е изгубен Не е повреден без рестрикции заемане за дома 84954 Регионална библиотека "Любен Каравелов" Русе Регионална библиотека "Любен Каравелов" Русе Заемна - подръчен фонд 1992-01-01 Заемна - подръчен фонд 0.44 581116 П 886.7-31/Х 96 120000581116 2 0.22 Дост: Pk Вид: Ф N: стар фонд Дата: 01.01.1992 Дата инв: 09.02.2018 Бележки инв: П2018 Книги Universal Decimal Classification    
  Не е изгубен Не е повреден само за читалня ползва се в читалня 84955 Регионална библиотека "Любен Каравелов" Русе Регионална библиотека "Любен Каравелов" Русе Краезнание 1992-01-01 Краезнание 0.44 581117 К 821.163.2/Х 96 Д 120000581117 3 0.22 Дост: Pk Вид: Ф N: стар фонд Дата: 01.01.1992 Дата инв: 15.11.2017 Бележки инв: К2017 Книги Universal Decimal Classification Автограф: Даниел Хърст  
Изтеглен Не е изгубен Не е повреден без рестрикции заемане за дома 84956 Регионална библиотека "Любен Каравелов" Русе Регионална библиотека "Любен Каравелов" Русе Детски отдел 1992-01-01 Детски отдел 12.70 580152 ДХ 886.7/Х 96 580152 4 6.49 Дост: Pk Вид: Ф N: стар фонд Дата: 01.01.1992 Дата инв: 11.08.2015 Бележки инв: Д2015 Книги Universal Decimal Classification    
Изтеглен Не е изгубен Не е повреден без рестрикции заемане за дома 84957 Регионална библиотека "Любен Каравелов" Русе Регионална библиотека "Любен Каравелов" Русе   1992-01-01 Детски отдел 12.70 580153 ДХ 886.7/Х 96 580153 5 6.49 Дост: Pk Вид: Ф N: стар фонд Дата: 01.01.1992 Дата инв: 07.10.2015 Бележки инв: Д2015 Книги     Отч.N: 33/2017 , Дата: 04.09.2017
  Не е изгубен Не е повреден без рестрикции ползва се в читалня 84958 Регионална библиотека "Любен Каравелов" Русе Регионална библиотека "Любен Каравелов" Русе Хранилище 1992-01-01 Хранилище 12.70 572970 Цб 170064 120000572970 6 6.49 Вид: Сф N: стар фонд Дата: 01.01.1992 Книги Universal Decimal Classification    
Vip Innovations Ltd, Rousse, Bulgaria 2025